Central Library OPAC University of Rajshahi

The World Cup : (Record no. 62459)

MARC details
000 -LEADER
fixed length control field 00709nam a2200241 a 4500
001 - CONTROL NUMBER
control field 62459
003 - CONTROL NUMBER IDENTIFIER
rucl marc code BD-RJUL
005 - DATE AND TIME OF LATEST TRANSACTION
control field 20211209081104.0
008 - FIXED-LENGTH DATA ELEMENTS--GENERAL INFORMATION
fixed length control field 170124s1982 enkabck 000 0 eng d
020 ## - INTERNATIONAL STANDARD BOOK NUMBER
International Standard Book Number 0245538844
035 ## - SYSTEM CONTROL NUMBER
System control number (BD-RJUL)62585
040 ## - CATALOGING SOURCE
Original cataloging agency UKM
Transcribing agency UKM
Modifying agency EEM
-- BD-RJUL
Language of cataloging eng
041 ## - LANGUAGE CODE
Language code of text/sound track or separate title eng
082 ## - DEWEY DECIMAL CLASSIFICATION NUMBER
Classification number 796.33466
Edition number 23
Author mark and year GRW 1982
100 1# - MAIN ENTRY--PERSONAL NAME
Personal name Greaves, Jimmy,
Dates associated with a name 1940-
9 (RLIN) 185727
245 14 - TITLE STATEMENT
Title The World Cup :
Remainder of title 1930-1982 /
Statement of responsibility, etc. Jimmy Greaves ; edited by Norman Giller
260 ## - PUBLICATION, DISTRIBUTION, ETC. (IMPRINT)
Place of publication, distribution, etc. London :
Name of publisher, distributor, etc. Harrap,
Date of publication, distribution, etc. c1982
300 ## - PHYSICAL DESCRIPTION
Pagination 139 p. :
Illustrations ill. ;
Size 24 cm
650 ## - SUBJECT ADDED ENTRY--TOPICAL TERM
Topical term or geographic name as entry element World Cup (Football championship) -- History
9 (RLIN) 185728
700 1# - ADDED ENTRY--PERSONAL NAME
Personal name Giller, Norman.
942 ## - ADDED ENTRY ELEMENTS (KOHA)
Source of classification or shelving scheme Dewey Decimal Classification
Koha item type Books
Holdings
Lost status Source of classification or shelving scheme Damaged status Not for loan Collection code Permanent Location Current Location Shelving location Date acquired Source of acquisition Total Checkouts Full call number Date last seen Copy number Koha item type
  Dewey Decimal Classification   Not For Loan Non-fiction Central Library, University of Rajshahi Central Library, University of Rajshahi Reading Room 09/10/1991 British Council   796.33466 GRW 1982 24/01/2017 C-1 Books